Indian Muslims since independence / (Record no. 553641)

000 -LEADER
fixed length control field 00501cam a2200157 a 4500
020 ## - INTERNATIONAL STANDARD BOOK NUMBER
International Standard Book Number 0706995708
082 ## - DEWEY DECIMAL CLASSIFICATION NUMBER
Classification number 320.954
Author Mark OMA
100 1# - MAIN ENTRY--PERSONAL NAME
Personal name Khalidi, Omar.
9 (RLIN) 5176
245 10 - TITLE STATEMENT
Title Indian Muslims since independence /
Statement of responsibility, etc. Omar Khalidi.
260 ## - PUBLICATION, DISTRIBUTION, ETC.
Place of publication, distribution, etc. New Delhi :
Name of publisher, distributor, etc. Vikas Pub. House,
Date of publication, distribution, etc. 1995.
300 ## - PHYSICAL DESCRIPTION
Extent 246 p. :
Other physical details maps ;
Dimensions 22 cm.
526 ## - STUDY PROGRAM INFORMATION NOTE
Program name 0
Interest level 0
Reading level 0
Title point value 320_954000000000000_OMA
650 #0 - SUBJECT ADDED ENTRY--TOPICAL TERM
Topical term or geographic name entry element Muslims
Geographic subdivision India
General subdivision Economic conditions.
9 (RLIN) 5177
650 #0 - SUBJECT ADDED ENTRY--TOPICAL TERM
Topical term or geographic name entry element Muslims
Geographic subdivision India
General subdivision Social conditions.
9 (RLIN) 5178
942 ## - ADDED ENTRY ELEMENTS (KOHA)
Source of classification or shelving scheme
Koha item type Book
Holdings
Withdrawn status Lost status Source of classification or shelving scheme Damaged status Not for loan Permanent Location Current Location Date acquired Total Checkouts Full call number Barcode Date last seen Price effective from Koha item type
          Military College of Engineering (MCE) Military College of Engineering (MCE) 02/09/2016   320.954 OMA MCE-50242 02/09/2016 02/09/2016 Book
© 2023 Central Library, National University of Sciences and Technology. All Rights Reserved.